Heat engineering (Record no. 29432)

000 -LEADER
fixed length control field 00572nam a2200193u 4500
001 - CONTROL NUMBER
control field 29432
003 - CONTROL NUMBER IDENTIFIER
control field BD-DhUET
008 - FIXED-LENGTH DATA ELEMENTS--GENERAL INFORMATION
fixed length control field 821210s1915 nyua 000 0 eng
040 ## - CATALOGING SOURCE
Original cataloging agency DLC
Transcribing agency CarP
Modifying agency BD-DhUET
082 ## - DEWEY DECIMAL CLASSIFICATION NUMBER
Classification number 621.1
Item number VAS/1975
100 ## - MAIN ENTRY--PERSONAL NAME
Personal name Vasandani V. P.
245 10 - TITLE STATEMENT
Title Heat engineering
Remainder of title a text book of applied thermodynamics for engineers and students in technical schools
250 ## - EDITION STATEMENT
Edition statement 2nd ed.
260 ## - PUBLICATION, DISTRIBUTION, ETC. (IMPRINT)
Place of publication, distribution, etc. New York
Name of publisher, distributor, etc. McGraw-Hill book
Date of publication, distribution, etc. 1915
300 ## - PHYSICAL DESCRIPTION
Extent Various Pagination
Other physical details illus.
Dimensions 24 cm.
650 #0 - SUBJECT ADDED ENTRY--TOPICAL TERM
Topical term or geographic name as entry element Thermodynamics
700 ## - ADDED ENTRY--PERSONAL NAME
Personal name Kumar D. S.
942 ## - ADDED ENTRY ELEMENTS (KOHA)
Koha item type General Book
Holdings
Koha full call number Not for loan Koha date last seen Location (home branch) Date acquired Koha normalized classification for sorting Damaged status Source of classification or shelving scheme Piece designation (barcode) Withdrawn status Price effective from Copy number Sublocation or collection (holding branch) Lost status Koha item type Shelving location
621.1/VAS/1975 2015-06-16Central Library, BUET2015-06-16621_100000000000000_VAS_1975  38453 2015-06-161Central Library, BUET Reading ItemReading section